AC Milan Squad 2020-2021 - Statistics

General Stats
  • This quiz has been taken 184 times
    157 since last reset
  • The average score is 24 of 31
Answer Stats
# Position Nation Player % Correct
11 FW Sweden Zlatan Ibrahimović
94%
12 FW Croatia Ante Rebić
92%
79 MF Ivory Coast Franck Kessié
92%
4 MF Algeria Ismaël Bennacer
92%
99 GK Italy Gianluigi Donnarumma
91%
17 FW Portugal Rafael Leão
91%
24 DF Denmark Simon Kjær
91%
90 GK Italy Antonio Donnarumma
90%
23 DF England Fikayo Tomori
89%
2 DF Italy Davide Calabria
88%
10 MF Turkey Hakan Çalhanoğlu
87%
19 DF France Theo Hernández
87%
1 GK Romania Ciprian Tătărușanu
86%
8 MF Italy Sandro Tonali
82%
33 MF Bosnia and Herzegovina Rade Krunić
81%
7 FW Spain Samu Castillejo
81%
13 DF Italy Alessio Romagnoli
80%
21 MF Morocco Brahim Díaz
80%
- Coach Italy Stefano Pioli
78%
56 FW Belgium Alexis Saelemaekers
75%
9 FW Croatia Mario Mandžukić
74%
5 DF Portugal Diogo Dalot
73%
15 FW Norway Jens Petter Hauge
71%
20 DF France Pierre Kalulu
71%
46 DF Italy Matteo Gabbia
69%
22 DF Argentina Mateo Musacchio
62%
14 DF Italy Andrea Conti
50%
27 MF Italy Daniel Maldini
47%
43 DF Brazil Léo Duarte
42%
18 MF France Soualiho Meïté
42%
29 FW Italy Lorenzo Colombo
34%
No matching quizzes found
Score Distribution
Percent of People with Each Score
Percentile by Number Answered
Your Score History
You have not taken this quiz since the last reset